000 00318nam a2200121Ia 4500
008 190802s9999 xx 000 0 und d
020 _a978-81-224-3998-4
100 _aS M Khopkar
245 0 _aInstrumental Methods in Bioanalytical Chemistry
260 _aAustralia
_bNew Age
_c2016
300 _a484:p
942 _cBK
999 _c2255
_d2255